| 000 | 00387nam a22001337a 4500 | ||
|---|---|---|---|
| 999 |
_c528975 _d528975 |
||
| 003 | NUST | ||
| 038 | _aMSOHAIL | ||
| 082 |
_a624.068 _bALI |
||
| 100 |
_aShaheryar Ali Khan _920828 |
||
| 245 | _aEvaluation of Financial burden vs financial viability of road projects on BOT basis. (MS Thesis - CE &M.) | ||
| 260 |
_aIslamabad _bNUST-NICE _c2019 |
||
| 300 |
_ap;66,; _c30cm |
||
| 942 |
_2ddc _cPR |
||